WWE theme songs - Statistics

General Stats
  • This quiz has been taken 18 times
  • The average score is 14 of 49
Answer Stats
Hint Answer % Correct
Randy Orton Voices
73%
Triple H The Game
67%
CM Punk Cult of Personality
60%
Cody Rhodes Kingdom
60%
Shawn Michaels Sexy Boy
60%
John Cena The Time is Now
60%
Roman Reigns Head of the Table
53%
Hulk Hogan Real American
53%
Rey Mysterio Booyaka 619
40%
Chris Jericho Break the Walls Down
40%
Joe Hendry I Believe in Joe Hendry
40%
The Miz I Came To Play
40%
Batista I Walk Alone
40%
Edge Metalingus
40%
Tiffany Stratton Tiffy Time
40%
Liv Morgan Trouble
33%
Eddie Guerrero Viva La Raza
33%
John Cena (Dr of Thuganomics) Basic Thuganomics
27%
Rhea Ripley Brutality
27%
Dolph Ziggler Here To Show The World
27%
"Stone Cold" Steve Austin I won't do what you tell me
27%
Becky Lynch New Lows
27%
The Undertaker Rest In Peace
27%
Kane Slow Chemical
27%
Shinsuke Nakamura The Rising Sun
27%
Danhausen You Are Cursed
27%
Charlotte Flair All Hail The Queen
20%
D-Generation X Are You Ready?
20%
The Rock Can You Smell?
20%
Big Show Crank It Up
20%
Bray Wyatt Live In Fear
20%
Brock Lesnar Next Big Thing
20%
Dean Ambrose Retaliation
20%
Bayley Role Model
20%
Bron Breakker Breakk and Destroy
13%
Finn Balor Catch Your Breath
13%
Austin Theory My Moment
13%
Jacob Fatu Samoan Destroyer
13%
Mark Henry Some Bodies Gonna Get It
13%
The SHIELD Special Op
13%
Paige Stars In The Night
13%
Logan Paul Still Humble
13%
Asuka The Future
13%
Iyo Sky Tokyo Shock
13%
Seth Rollins Visionary
13%
Gunther Symphony No. 9
7%
Andre The Giant Ave Satanus
0%
Sol Ruca Chasing Surf
0%
Dominik Mysterio It Is My Time
0%
No matching quizzes found
Score Distribution
Percent of People with Each Score
Percentile by Number Answered
Your Score History
You have not taken this quiz